भागा हुआ गुलाम / (Record no. 55888)

MARC details
000 -LEADER
fixed length control field 01314nam a22002537a 4500
005 - DATE AND TIME OF LATEST TRANSACTION
control field 20110824120336.0
010 ## - LCCN (DPL NO)
LC control number G-001038
020 ## - INTERNATIONAL STANDARD BOOK NUMBER
Terms of availability 25.00
International Standard Book Number 81902906120
035 ## - SYSTEM CONTROL NUMBER
System control number G-001038
037 ## - SOURCE OF ACQUISITION
Source of stock number/acquisition वाई.के. पब्लिकेशन्स
082 ## - DEWEY DECIMAL CLASSIFICATION NUMBER
Classification number
100 ## - MAIN ENTRY--PERSONAL NAME
Personal name झारी, रूद्र देव
245 ## - TITLE STATEMENT
Title भागा हुआ गुलाम /
Statement of responsibility, etc रूद्र देव झारी
246 ## - VARYING FORM OF TITLE
Title proper/short title
Remainder of title
260 ## - PUBLICATION, DISTRIBUTION, ETC. (IMPRINT)
Place of publication, distribution, etc दिल्ली
Name of publisher, distributor, etc वाई.के. पब्लिकेशन्स
Date of publication, distribution, etc 2009
270 ## - ADDRESS
Address 29/502, ईस्ट एण्ड अपार्टमैंट , मयूर विहार अक्सटेंशन, फेस-1,
City दिल्ली
Postal code 110096
Telephone number
300 ## - PHYSICAL DESCRIPTION
Extent 24पृ.
Dimensions 21 सेमी(अजिल्द)
Other physical details सचित्र
650 ## - SUBJECT ADDED ENTRY--TOPICAL TERM
Topical term or geographic name as entry element
700 ## - ADDED ENTRY--PERSONAL NAME
9 (RLIN) 25138
Personal name
700 ## - ADDED ENTRY--PERSONAL NAME
9 (RLIN) 25157
942 ## - ADDED ENTRY ELEMENTS (KOHA)
Institution code [OBSOLETE] dpl
Item type Children Books
Source of classification or shelving scheme Dewey Decimal Classification
Call number suffix झारीरू
Classification part
Holdings
Withdrawn status Lost status Not for loan Collection code Home library Current library Date acquired Cost, normal purchase price Full call number Barcode Copy number Cost, replacement price Koha item type
      Fiction Katevara Katevara 24/08/2011 25.00 क झारीरू G-001038 1 25.00 Children Books

© Delhi Public Library
Hit Counter
free hit counter